Normal view
MARC view
- التعليم - مناهج مدرسية
Entry Topical Term
001 - CONTROL NUMBER
- control field: 17698
003 - CONTROL NUMBER IDENTIFIER
- control field: JO-AjAnu
005 - DATE AND TIME OF LATEST TRANSACTION
- control field: 20230606073124.0
008 - FIXED-LENGTH DATA ELEMENTS
- fixed length control field: 230606|| aca||aabn | a|a d
040 ## - CATALOGING SOURCE
- Original cataloging agency: JO-AjAnu
- Transcribing agency: JO-AjAnu
150 ## - HEADING--TOPICAL TERM
- Topical term or geographic name entry element: التعليم - مناهج مدرسية
670 ## - SOURCE DATA FOUND
- Source citation: Work cat.: (JO-AjAnu)9091: تاليف إبراهيم، عبد اللطيف فؤاد, author 17697, المناهج: أسسها وتنظمياتها وتقويم أثرها